000 01488nam0a2200301 4500
001 RU\NLR\bibl\1179559
005 20260405212935.0
010 _a5-88422-297-1
_91000
035 _a(NLR Aleph) 001166171
090 _a1568368
_c1568368
100 _a20080125d2002 |||y0rusy50 ca
101 0 _arus
102 _aRU
105 _aa |||||||||
200 1 _aЛихорадки
_eучебное пособие
_fЕналдиева Р.В., Хадарцев А.А., Борисова О.Н.
_gМ-во образования Рос. Федерации, М-во здравоохранения Рос. Федерации, Тул. гос. ун-т
210 _aТула
_cТульский полиграфист
_d2002
215 _a119 с.
_cил.
_d20
320 _aБиблиогр.: с. 117 (10 назв.)
606 1 _aЛихорадка
_jУчебные издания для высших учебных заведений
_9923388
_3RU\NLR\auth\6620037
686 _aР341.22я73
700 1 _4070
_8rus
_7ca
_aЕналдиева
_bР. В.
_gРоза Викторовна
_3RU\NLR\auth\7795995
_978921
701 1 _4070
_7ca
_8rus
_aХадарцев
_bА.А.
_f1943-
_gАлександр Агубечирович
_910363
_3RU\NLR\auth\7727329
701 1 _4070
_8rus
_7ca
_aБорисова
_bО. Н.
_cд-р мед. наук
_gОльга Николаевна
_3RU\NLR\auth\7745088
_928027
801 0 _aRU
_bNLR
_c20080125
_gRCR
801 1 _aRU
_bNLR
_c20080125
942 _cBOOK
980 _aNB